000
00285nam a22001217a 4500
999
_c
522835
_d
522835
003
NUST
038
_a
Tanveer
082
_a
891.4393
_b
BAN
245
_a
Tawajoh ki Talib /
_c
Bano Qudsia
260
_a
Lahore
_b
Sang-e-Meel Publications
_c
2010
300
_a
794p.
_c
25 cm.
942
_2
ddc
_c
BK